Quizzes
Events
Quiz Creation
Community
Videos
Private Events
Remove Ads
Sign In
Join for FREE
Feedback
Dark Mode
Quiz Categories
Sports
Geography
Music
Movies
Television
Just For Fun
Miscellaneous
History
Literature
Language
Science
Gaming
Entertainment
Religion
Holiday
For Kids
Quiz Lab
Recent
Popular Today
Quiz Kudos Today
Editor Picks
Curator Picks
Quizzes by...
Day
Popularity
Type
Ratings
Length
Year
Community
Subscriptions
Recent Discussions
Orange Saloon
Badges
Playlists
Quests
Create
Leaderboards
Showdown
Live 5
Trivia Bingo
Activity
Puzzle Library
Sporcle Events
Private Events
Virtual Trivia
Globe League
Become a Host
Pub Owners
SporcleCon
Opinionation
Our Games
Videos
Blog
Mobile Apps
Partnerships
Remove Ads and Go Orange
Feedback
Entertainment
Celebrity
Famous
Musical
Broadway
Show
Quote
Comic Books
Anime
Superhero
DC Comics
Marvel
Cartoons
Animation
Entertainment
Celebrity
Famous
Musical
Broadway
Show
Quote
Comic Books
Anime
Superhero
DC Comics
Marvel
Cartoons
Animation
Random Quiz
Search Sporcle
×
Quiz Lab
Quiz Lab
Entertainment
Marvel
Type in answers that appear in a list
Type in answers that appear in a list
Classic
Best Score? Go Orange.
Marvel Teams: Dark Avengers & Dark X-Men Stats
Can You Name The Marvel Team: Dark Avengers and Dark X-Men?
By
Sepa
4m
30 Questions
1,289 Plays
1,289 Plays
1,289 Plays
Comments
Comments
Give Quiz Kudos
Give Quiz Kudos
-
- Ratings
hide this ad
More Info
Replay
Link that replays current quiz
Next Quiz
Link to next quiz in quiz playlist
You Got
0%
They Got
Avg Score
68%
Avg Friend Score
Upgrade to see
Score Distribution
Jump to the score distribution portion of the page
Score
0/30
Timer
04:00
0
Plays Today
Team
Member
% Correct
Dark Avengers
Ares
95%
Dark Avengers
Scorpion
93.2%
Dark Avengers
Venom Symbiote
92.2%
Dark X-
Men
Dark Beast
90.5%
Dark X-
Men
Namor the Sub-Mariner
90.1%
Dark X-
Men
Mystique
89.7%
Dark X-
Men
Norman Osborn
87.7%
Dark Avengers
Norman Osborn
86.5%
Dark X-
Men
Daken
85%
Dark Avengers
Daken
85%
Dark Avengers
The Void
81%
Dark Avengers
Sentry
80.4%
Dark Avengers
Bullseye
79.4%
Dark Avengers
Marvel Boy
79.2%
Dark Avengers
Luke Cage
78.6%
Team
Member
% Correct
Dark X-
Men
Cloak
76%
Dark X-
Men
Dagger
76%
Dark Avengers
Moonstone
75.5%
Dark Avengers
Skaar
75.2%
Dark Avengers
U.S. Agent
73.9%
Dark X-
Men
Emma Frost
71.7%
Dark Avengers
Ragnarok
65.7%
Dark X-
Men
Mimic
63.5%
Dark Avengers
Trickshot
49.5%
Dark Avengers
Victoria Hand
45.4%
Dark X-
Men
Omega
44%
Dark Avengers
Gorgon
31.9%
Dark Avengers
Toxic Doxie
26.6%
Dark Avengers
Superia
20.6%
Dark Avengers
Decapitator
19.5%
Quiz Playlist
Details
Report
Send in Message
Add To Playlist
More Info:
FOR MORE MARVEL UNIVERSE QUIZES CLICK ON MY USERNAME.
Classic:
Type in answers that appear in a list
Quiz Source
Last Updated: Dec 18, 2021
Quiz Scoreboard
CHALLENGE
Sign Up to Join the Scoreboard
Show All
Scores
Hide
Comments
May contain spoilers
Recently Published
Pick 6: Fruits
by JohnFran
Miscellaneous
15s
Click the 1999 NBA Draft
by nibperrychub
Sports
2m
Alphabetical 'K' Countries by Flag Minefield
by ylime102
Geography
3m
More to Explore
Quiz From the Vault
Featured Blog Post
15 Basketball Trivia Facts You Can Be March Mad About
hide this ad
You Might Also Like...
Tags
Marvel Quiz
Avengers
dark
Identity
team
X-Men
Today's Top Quizzes in Entertainment
Browse Entertainment
hide this ad
Today's Top Quizzes in Marvel
Browse Marvel
Top Contributed Quizzes in Entertainment
1
The Joker Actors by Order
2
Spider-Man Actors by Order
3
The Incredible Hulk Actors by Order
4
Superman Actors by Order
5
Catwoman Actresses by Order
6
The Penguin Actors by Order
7
The Riddler Actors by Order
8
Nickname Match: Pop Culture Kings
9
Two-Face Actors by Order
10
Marvel Picture Find: Capcom
Explore More
Trending Topics
Kpop
Anime
Harry Potter
Crossword
Disney
NBA
Marvel
Pokémon
Soccer
NFL
Song
The Office
Country
Puzzle
WWE
hide this ad
More By:
Sepa
Quiz
Plays
Rating
Category
Featured
Created
Marvel Characters (A-Z)
217,870
4.22
Entertainment
May 5, 2011
Marvel: Most Published Characters 1-100
181,195
4.45
Entertainment
May 1, 2010
NBA Double-Double Averages (2000-2010)
146,088
4.30
Sports
Dec 1, 2010
DC Comics: Most Published Characters 1-100
93,138
3.97
Entertainment
Jan 3, 2011
1970s World History
91,087
4.23
History
Feb 3, 2010
Go to Creator's Profile
Score Distribution
Quiz Creator Spotlight
Sepa
Follow
Send a Message
Quizzes Created
-
Created Quiz Play Count
-
More By This Creator
Popular Quizzes Today
1
Countries of Asia Without Outlines Minefield
2
Find the US States - No Outlines Minefield
3
Pick 6: Fruits
4
Alphabetical 'K' Countries by Flag Minefield
5
The Countries of the World
6
Click the 1999 NBA Draft
7
Match the Book to the Film X
8
Find the US States
More Entertainment Quizzes
A 50/50 Shot IV
Published
Trending Quizzes
Pick 6: Harry Potter
Pick 6: Golfers
Donkey Kong Minefield
DC Extended Universe: Oldest to Newest
Multiplication Danger Zone
Recently Updated
Women's Final Four Teams by Year
bhenderson79
Presidents Quartet II
eogle
Anything But Clue(do)
eogle
Anything But Oceanian Capitals
eogle
Anything But 7
eogle
Anything But Thing
eogle
Word Ladder: February 29
pecheneg
Song Title Questions
pecheneg
Women's NCAA Tournament #1 Seeds
pecheneg
Celebrity Mug Shots
pecheneg
Trending Topics
Disney
Crossword
Kpop
Harry Potter
Marvel
NBA
Anime
Pokémon
Puzzle
Song
Soccer
WWE
The Office
Country
NFL
Your Account Isn't Verified!
In order to create a playlist on Sporcle, you need to verify the email address you used during registration. Go to your
Sporcle Settings
to finish the process.
Report this User
Report this user for behavior that violates our
Community Guidelines
.
Details:
Send Report
Go to the Sporcle.com Mobile Site →
Comments